| 000 | 00433nam a2200169 4500 | ||
|---|---|---|---|
| 003 | LK-CoMWRAF | ||
| 005 | 20230925152615.0 | ||
| 008 | 230925b |||||||| |||| 00| 0 eng d | ||
| 040 |
_aLK-CoMWRAF _dLK-CoMWRAF _eLK-CoMWRAF |
||
| 041 | _aeng | ||
| 082 |
_a297 _bCOM |
||
| 245 | _aComplaint and answer of Iqbal | ||
| 260 |
_aMount Kallash : _bMillat book centre |
||
| 650 | _aIsalm | ||
| 700 |
_aArberry, A. J. _etrans. |
||
| 942 | _cBK | ||
| 999 |
_c3667 _d3667 |
||